| 000 | 00726nam a2200229 a 4500 | ||
|---|---|---|---|
| 999 |
_c3464 _d3464 |
||
| 001 | 3464 | ||
| 003 | BD-JhCC | ||
| 005 | 20171119095011.0 | ||
| 008 | 171113s1984 bg |||| ||a| 000 0 ben d | ||
| 035 | _a(BD-JhCC)3464 | ||
| 040 |
_aBD-JhCC _dBD-JhCC |
||
| 041 | _aben | ||
| 082 |
_a923.1 _bHUD 1984 |
||
| 100 | _aকবি মধুসূদন | ||
| 245 |
_aকবি মধুসূদন / _cমুহম্মদ নূরুল হুদা (সম্পা) |
||
| 260 |
_aঢাকা : _bবাংলা একাডেমী, _c1984 |
||
| 300 |
_a263 p. : _c20 cm. |
||
| 650 | _aBiography | ||
| 700 | _aহুদা, মুহম্মদ নূরুল (সম্পা) | ||
| 942 |
_2ddc _cBK |
||